[Event "PK Jeugd 2020 B"]
[Site "Eindhoven, Netherlands"]
[Date "2020.02.08"]
[Round "4.8"]
[White "Moonen, Kevin"]
[Black "Dumont, Ties"]
[Result "0-1"]
[WhiteElo "1175"]
[BlackElo "1613"]

1. e4 {[%clk 00:55:18]} {[%emt 00:00:02]} c5 {[%clk 00:55:20]} 2. c3 {[%clk
00:55:23]} {[%emt 00:00:04]} Nf6 {[%clk 00:55:22]} {[%emt 00:00:07]} 3. f3
{[%clk 00:54:58]} {[%emt 00:00:35]} Nc6 {[%clk 00:55:12]} {[%emt 00:00:21]} 4.
d4 {[%clk 00:54:42]} {[%emt 00:00:26]} cxd4 {[%clk 00:54:33]} {[%emt 00:00:49]}
5. cxd4 {[%clk 00:54:44]} {[%emt 00:00:07]} Qb6 {[%clk 00:52:58]} {[%emt
00:01:45]} 6. Ne2 {[%clk 00:53:37]} {[%emt 00:01:17]} e6 {[%clk 00:52:12]}
{[%emt 00:00:57]} 7. Nbc3 {[%clk 00:52:29]} {[%emt 00:01:18]} Bb4 {[%clk
00:51:59]} {[%emt 00:00:23]} 8. Be3 {[%clk 00:51:32]} {[%emt 00:01:07]} d5
{[%clk 00:51:22]} {[%emt 00:00:46]} 9. e5 {[%clk 00:49:21]} {[%emt 00:02:21]}
Nd7 {[%clk 00:51:12]} {[%emt 00:00:20]} 10. a3 {[%clk 00:48:59]} {[%emt
00:00:33]} Bxc3+ {[%clk 00:50:43]} {[%emt 00:00:39]} 11. bxc3 {[%clk 00:48:44]}
{[%emt 00:00:25]} a6 {[%clk 00:48:57]} {[%emt 00:01:56]} 12. Ng3 {[%clk
00:45:03]} {[%emt 00:03:50]} Ndxe5 {[%clk 00:48:43]} {[%emt 00:00:25]} 13. Rb1
{[%clk 00:41:52]} {[%emt 00:03:21]} Qa7 {[%clk 00:48:50]} {[%emt 00:00:03]} 14.
Qd2 {[%clk 00:41:45]} {[%emt 00:00:15]} Nd7 {[%clk 00:47:46]} {[%emt 00:01:16]}
15. Bd3 {[%clk 00:40:45]} {[%emt 00:01:09]} O-O {[%clk 00:42:46]} {[%emt
00:05:11]} 16. Qc2 {[%clk 00:39:49]} {[%emt 00:01:06]} f5 {[%clk 00:42:19]}
{[%emt 00:00:37]} 17. f4 {[%clk 00:34:43]} {[%emt 00:05:15]} Nf6 {[%clk
00:41:04]} {[%emt 00:01:25]} 18. O-O {[%clk 00:31:39]} {[%emt 00:03:14]} Ng4
{[%clk 00:40:42]} {[%emt 00:00:32]} 19. Qe2 {[%clk 00:30:33]} {[%emt 00:01:16]}
Bd7 {[%clk 00:37:56]} {[%emt 00:02:57]} 20. h3 {[%clk 00:27:03]} {[%emt
00:03:39]} Nxe3 {[%clk 00:37:58]} {[%emt 00:00:08]} 21. Qxe3 {[%clk 00:27:03]}
{[%emt 00:00:11]} Rae8 {[%clk 00:37:47]} {[%emt 00:00:20]} 22. Rfe1 {[%clk
00:26:22]} {[%emt 00:00:51]} b5 {[%clk 00:33:32]} {[%emt 00:04:25]} 23. Kh2
{[%clk 00:23:57]} {[%emt 00:02:36]} Qc7 {[%clk 00:33:00]} {[%emt 00:00:42]} 24.
Rec1 {[%clk 00:20:45]} {[%emt 00:03:21]} Qd6 {[%clk 00:31:46]} {[%emt
00:01:24]} 25. a4 {[%clk 00:19:31]} {[%emt 00:01:24]} bxa4 {[%clk 00:30:33]}
{[%emt 00:01:24]} 26. Bxa6 {[%clk 00:19:06]} {[%emt 00:00:35]} Na5 {[%clk
00:30:24]} {[%emt 00:00:19]} 27. Bb5 {[%clk 00:17:22]} {[%emt 00:01:54]} Bxb5
{[%clk 00:30:02]} {[%emt 00:00:32]} 28. Rxb5 {[%clk 00:17:23]} {[%emt
00:00:09]} Nc4 {[%clk 00:30:08]} {[%emt 00:00:03]} 29. Qe2 {[%clk 00:16:23]}
{[%emt 00:01:10]} Qxf4 {[%clk 00:28:49]} {[%emt 00:01:30]} 30. Rf1 {[%clk
00:13:31]} {[%emt 00:03:01]} Qd6 {[%clk 00:27:35]} {[%emt 00:01:25]} 31. Qf2
{[%clk 00:11:10]} {[%emt 00:02:30]} f4 {[%clk 00:27:11]} {[%emt 00:00:34]} 32.
Nh5 {[%clk 00:10:08]} {[%emt 00:01:11]} Ne3 {[%clk 00:26:37]} {[%emt 00:00:45]}
33. Re1 {[%clk 00:08:22]} {[%emt 00:01:56]} f3+ {[%clk 00:25:42]} {[%emt
00:01:05]} 34. Kg1 {[%clk 00:08:11]} {[%emt 00:00:21]} Nxg2 {[%emt 00:00:58]}
35. Qd2 {[%clk 00:06:16]} {[%emt 00:02:03]} Nxe1 {[%clk 00:24:24]} {[%emt
00:00:42]} 0-1

[Event "PK Jeugd 2020 B"]
[Site "Eindhoven, Netherlands"]
[Date "2020.02.08"]
[Round "4.9"]
[White "Hooijmans, Max"]
[Black "van Wijk, Justin"]
[Result "1-0"]
[WhiteElo "1535"]
[BlackElo "1178"]

1. e4 {[%clk 00:55:17]} {[%emt 00:00:02]} e5 {[%clk 00:55:10]} {[%emt
00:00:11]} 2. Nf3 {[%clk 00:55:23]} {[%emt 00:00:04]} Nc6 {[%clk 00:55:12]}
{[%emt 00:00:08]} 3. Bc4 {[%clk 00:55:17]} {[%emt 00:00:16]} Bc5 {[%clk
00:55:12]} {[%emt 00:00:11]} 4. Nc3 {[%clk 00:55:19]} {[%emt 00:00:08]} Nf6
{[%clk 00:55:12]} {[%emt 00:00:09]} 5. d3 {[%clk 00:55:20]} {[%emt 00:00:09]}
h6 {[%clk 00:55:09]} {[%emt 00:00:13]} 6. O-O {[%clk 00:55:10]} {[%emt
00:00:21]} d6 {[%clk 00:55:14]} {[%emt 00:00:05]} 7. Be3 {[%clk 00:55:02]}
{[%emt 00:00:17]} Bb6 {[%clk 00:55:00]} {[%emt 00:00:25]} 8. Nd5 {[%clk
00:54:27]} {[%emt 00:00:45]} Bg4 {[%clk 00:54:45]} {[%emt 00:00:25]} 9. h3
{[%clk 00:54:12]} {[%emt 00:00:25]} Bh5 {[%clk 00:54:47]} {[%emt 00:00:07]} 10.
g4 {[%clk 00:51:38]} {[%emt 00:02:44]} Bg6 {[%clk 00:54:32]} {[%emt 00:00:25]}
11. Nd2 {[%clk 00:50:44]} {[%emt 00:01:05]} O-O {[%clk 00:54:02]} {[%emt
00:00:39]} 12. Bxb6 {[%clk 00:50:14]} {[%emt 00:00:40]} axb6 {[%clk 00:53:54]}
{[%emt 00:00:19]} 13. f4 {[%clk 00:49:44]} {[%emt 00:00:40]} Nxd5 {[%clk
00:52:29]} {[%emt 00:01:35]} 14. Bxd5 {[%clk 00:49:43]} {[%emt 00:00:11]} Qh4
{[%clk 00:52:26]} {[%emt 00:00:13]} 15. Kg2 {[%clk 00:49:03]} {[%emt 00:00:50]}
Kh8 {[%clk 00:49:47]} {[%emt 00:02:48]} 16. f5 {[%clk 00:46:19]} {[%emt
00:02:55]} Bh7 {[%clk 00:49:40]} {[%emt 00:00:16]} 17. f6 {[%clk 00:46:08]}
{[%emt 00:00:22]} gxf6 {[%clk 00:49:28]} {[%emt 00:00:22]} 18. Nf3 {[%clk
00:46:12]} {[%emt 00:00:06]} 1-0

[Event "PK Jeugd 2020 B"]
[Site "Eindhoven, Netherlands"]
[Date "2020.02.08"]
[Round "4.10"]
[White "Ubbink, Anouk"]
[Black "Elst, Tygo"]
[Result "1-0"]
[WhiteElo "1195"]
[BlackElo "1065"]

1. e4 {[%clk 00:55:18]} {[%emt 00:00:01]} e5 {[%clk 00:55:12]} {[%emt
00:00:08]} 2. Nf3 {[%clk 00:55:26]} {[%emt 00:00:03]} Nc6 {[%clk 00:55:02]}
{[%emt 00:00:20]} 3. d4 {[%clk 00:55:31]} {[%emt 00:00:05]} exd4 {[%clk
00:51:21]} {[%emt 00:03:51]} 4. Bc4 {[%clk 00:55:35]} {[%emt 00:00:05]} d6
{[%clk 00:49:04]} {[%emt 00:02:27]} 5. c3 {[%clk 00:55:40]} {[%emt 00:00:05]}
dxc3 {[%clk 00:47:53]} {[%emt 00:01:21]} 6. Nxc3 {[%clk 00:55:45]} {[%emt
00:00:05]} Nf6 {[%clk 00:47:02]} {[%emt 00:01:01]} 7. O-O {[%clk 00:55:33]}
{[%emt 00:00:22]} Bg4 {[%clk 00:46:34]} {[%emt 00:00:38]} 8. Qb3 {[%clk
00:54:09]} {[%emt 00:01:34]} Qd7 {[%clk 00:44:25]} {[%emt 00:02:19]} 9. Ng5
{[%clk 00:51:11]} {[%emt 00:03:08]} O-O-O {[%clk 00:41:48]} {[%emt 00:02:47]}
10. Nxf7 {[%clk 00:51:02]} {[%emt 00:00:19]} Nd4 {[%clk 00:39:58]} {[%emt
00:02:01]} 11. Qa4 {[%clk 00:48:57]} {[%emt 00:02:14]} Nf3+ {[%clk 00:36:42]}
{[%emt 00:03:26]} 12. gxf3 {[%clk 00:48:23]} {[%emt 00:00:44]} Bxf3 {[%clk
00:36:39]} {[%emt 00:00:13]} 13. Qxd7+ {[%clk 00:48:26]} {[%emt 00:00:08]} Rxd7
{[%clk 00:36:19]} {[%emt 00:00:29]} 14. Nxh8 {[%clk 00:48:26]} {[%emt
00:00:10]} g6 {[%clk 00:34:14]} {[%emt 00:02:15]} 15. Be6 {[%clk 00:48:10]}
{[%emt 00:00:26]} 1-0

[Event "PK Jeugd 2020 B"]
[Site "Eindhoven, Netherlands"]
[Date "????.??.??"]
[Round "5.1"]
[White "Verheul, Job"]
[Black "Grooten, Tommy"]
[Result "1/2-1/2"]
[WhiteElo "1677"]
[BlackElo "1734"]

1. e4 {[%clk 00:55:18]} {[%emt 00:00:01]} c5 {[%clk 00:55:17]} {[%emt
00:00:04]} 2. Nf3 {[%clk 00:55:22]} {[%emt 00:00:06]} e6 {[%clk 00:55:19]}
{[%emt 00:00:09]} 3. g3 {[%clk 00:55:25]} {[%emt 00:00:06]} d5 {[%clk
00:55:15]} {[%emt 00:00:14]} 4. exd5 {[%clk 00:55:25]} {[%emt 00:00:10]} exd5
{[%clk 00:55:18]} {[%emt 00:00:07]} 5. d4 {[%clk 00:55:07]} {[%emt 00:00:28]}
Nc6 {[%clk 00:55:05]} {[%emt 00:00:23]} 6. Bg2 {[%clk 00:55:05]} {[%emt
00:00:12]} Bg4 {[%clk 00:55:02]} {[%emt 00:00:12]} 7. O-O {[%clk 00:54:44]}
{[%emt 00:00:30]} Nxd4 {[%clk 00:54:47]} {[%emt 00:00:27]} 8. Qe1+ {[%clk
00:54:38]} {[%emt 00:00:15]} Ne6 {[%clk 00:53:25]} {[%emt 00:01:32]} 9. Ne5
{[%clk 00:54:10]} {[%emt 00:00:38]} Bf5 {[%clk 00:51:19]} {[%emt 00:02:17]} 10.
c4 {[%clk 00:53:54]} {[%emt 00:00:25]} Ne7 {[%clk 00:50:28]} {[%emt 00:01:01]}
11. cxd5 {[%clk 00:53:31]} {[%emt 00:00:34]} Nd4 {[%clk 00:49:41]} {[%emt
00:00:57]} 12. d6 {[%clk 00:35:39]} {[%emt 00:18:02]} Qxd6 {[%clk 00:49:40]}
{[%emt 00:00:12]} 13. Bxb7 {[%clk 00:34:43]} {[%emt 00:01:05]} Rb8 {[%clk
00:49:37]} {[%emt 00:00:13]} 14. Nc4 {[%clk 00:33:07]} {[%emt 00:01:46]} Qd7
{[%clk 00:46:54]} {[%emt 00:02:54]} 15. Be4 {[%clk 00:22:19]} {[%emt 00:10:57]}
Rd8 {[%clk 00:44:14]} {[%emt 00:02:50]} 16. Bf4 {[%clk 00:19:49]} {[%emt
00:02:40]} Qe6 {[%clk 00:43:38]} {[%emt 00:00:46]} 17. Nbd2 {[%clk 00:13:52]}
{[%emt 00:06:07]} Bxe4 {[%clk 00:39:21]} {[%emt 00:04:27]} 18. Qxe4 {[%clk
00:13:11]} {[%emt 00:00:51]} Ne2+ {[%clk 00:38:49]} {[%emt 00:00:43]} 19. Kg2
{[%clk 00:12:00]} {[%emt 00:01:20]} Qxe4+ {[%clk 00:38:33]} {[%emt 00:00:26]}
20. Nxe4 {[%clk 00:12:02]} {[%emt 00:00:08]} Nxf4+ {[%clk 00:38:36]} {[%emt
00:00:07]} 21. gxf4 {[%clk 00:12:06]} {[%emt 00:00:06]} Nf5 {[%clk 00:38:14]}
{[%emt 00:00:32]} 22. Rfe1 {[%clk 00:11:04]} {[%emt 00:01:11]} Be7 {[%clk
00:37:07]} {[%emt 00:01:18]} 23. Ne5 {[%clk 00:04:52]} {[%emt 00:06:22]} Nd4
{[%clk 00:36:16]} {[%emt 00:01:02]} 24. Rac1 {[%clk 00:04:44]} {[%emt
00:00:18]} O-O {[%clk 00:28:13]} {[%emt 00:08:12]} 1/2-1/2

[Event "PK Jeugd 2020 B"]
[Site "Eindhoven, Netherlands"]
[Date "????.??.??"]
[Round "5.2"]
[White "Boghossian, Wahe"]
[Black "Kumar, Prajit Sai"]
[Result "1-0"]
[WhiteElo "1769"]
[BlackElo "1627"]

1. e4 {[%clk 00:53:35]} {[%emt 00:01:44]} e5 {[%clk 00:55:14]} {[%emt
00:00:06]} 2. Nf3 {[%clk 00:53:37]} {[%emt 00:00:08]} Nc6 {[%clk 00:55:20]}
{[%emt 00:00:04]} 3. Bc4 {[%clk 00:53:36]} {[%emt 00:00:10]} Bc5 {[%clk
00:55:25]} {[%emt 00:00:06]} 4. c3 {[%clk 00:53:25]} {[%emt 00:00:21]} Nf6
{[%clk 00:54:57]} {[%emt 00:00:38]} 5. d3 {[%clk 00:53:29]} {[%emt 00:00:07]}
h6 {[%clk 00:54:40]} {[%emt 00:00:27]} 6. b4 {[%clk 00:52:31]} {[%emt
00:01:07]} Bb6 {[%clk 00:53:24]} {[%emt 00:01:27]} 7. a4 {[%clk 00:45:17]}
{[%emt 00:07:23]} a6 {[%clk 00:52:44]} {[%emt 00:00:51]} 8. O-O {[%clk
00:44:01]} {[%emt 00:01:26]} O-O {[%clk 00:52:40]} {[%emt 00:00:14]} 9. Qb3
{[%clk 00:37:24]} {[%emt 00:06:45]} d6 {[%clk 00:51:56]} {[%emt 00:00:55]} 10.
h3 {[%clk 00:37:14]} {[%emt 00:00:20]} Qe7 {[%clk 00:51:40]} {[%emt 00:00:26]}
11. Re1 {[%clk 00:35:46]} {[%emt 00:01:38]} Be6 {[%clk 00:51:10]} {[%emt
00:00:40]} 12. Nbd2 {[%clk 00:34:12]} {[%emt 00:01:45]} Rfe8 {[%clk 00:49:03]}
{[%emt 00:02:17]} 13. Bb2 {[%clk 00:30:42]} {[%emt 00:03:38]} Qd7 {[%clk
00:47:33]} {[%emt 00:01:41]} 14. Bxe6 {[%clk 00:25:05]} {[%emt 00:05:48]} Qxe6
{[%clk 00:45:57]} {[%emt 00:01:47]} 15. Qc2 {[%clk 00:23:14]} {[%emt 00:02:00]}
Rad8 {[%clk 00:43:39]} {[%emt 00:02:28]} 16. Nc4 {[%clk 00:20:53]} {[%emt
00:02:30]} d5 {[%clk 00:40:19]} {[%emt 00:03:30]} 17. exd5 {[%clk 00:18:13]}
{[%emt 00:02:52]} Qxd5 {[%clk 00:40:11]} {[%emt 00:00:18]} 18. Nxb6 {[%clk
00:17:20]} {[%emt 00:01:03]} cxb6 {[%clk 00:40:19]} {[%emt 00:00:02]} 19. Rad1
{[%clk 00:16:29]} {[%emt 00:01:00]} Rc8 {[%clk 00:39:28]} {[%emt 00:01:00]} 20.
Qd2 {[%clk 00:15:31]} {[%emt 00:01:09]} b5 {[%clk 00:37:11]} {[%emt 00:02:26]}
21. a5 {[%clk 00:14:47]} {[%emt 00:00:55]} Rcd8 {[%clk 00:36:58]} {[%emt
00:00:23]} 22. Qe2 {[%clk 00:12:45]} {[%emt 00:02:11]} Qe6 {[%clk 00:35:47]}
{[%emt 00:01:21]} 23. Qe3 {[%clk 00:11:45]} {[%emt 00:01:11]} Rd5 {[%clk
00:32:33]} {[%emt 00:03:23]} 24. Qb6 {[%clk 00:11:04]} {[%emt 00:00:52]} Nd4
{[%clk 00:31:22]} {[%emt 00:01:21]} 25. cxd4 {[%clk 00:09:49]} {[%emt
00:01:24]} 1-0

[Event "PK Jeugd 2020 B"]
[Site "Eindhoven, Netherlands"]
[Date "????.??.??"]
[Round "5.3"]
[White "Li-Behn, Tobias"]
[Black "Bogouslavskii, Veronique"]
[Result "1-0"]
[WhiteElo "1618"]
[BlackElo "1527"]

1. c4 {[%clk 00:55:19]} Nf6 {[%clk 00:55:16]} {[%emt 00:00:05]} 2. Nc3 {[%clk
00:55:27]} {[%emt 00:00:01]} g6 {[%clk 00:55:16]} {[%emt 00:00:10]} 3. g3
{[%clk 00:55:30]} {[%emt 00:00:07]} Bg7 {[%clk 00:55:09]} {[%emt 00:00:17]} 4.
Bg2 {[%clk 00:55:38]} {[%emt 00:00:02]} d6 {[%clk 00:55:02]} {[%emt 00:00:17]}
5. d3 {[%clk 00:55:20]} {[%emt 00:00:28]} O-O {[%clk 00:54:16]} {[%emt
00:00:56]} 6. Nf3 {[%clk 00:55:20]} {[%emt 00:00:09]} Nbd7 {[%clk 00:53:37]}
{[%emt 00:00:50]} 7. O-O {[%clk 00:55:21]} {[%emt 00:00:09]} c5 {[%clk
00:49:23]} {[%emt 00:04:24]} 8. Rb1 {[%clk 00:54:13]} {[%emt 00:01:18]} Rb8
{[%clk 00:48:24]} {[%emt 00:01:08]} 9. Bd2 {[%clk 00:52:55]} {[%emt 00:01:27]}
b6 {[%clk 00:47:54]} {[%emt 00:00:41]} 10. b4 {[%clk 00:52:24]} {[%emt
00:00:41]} Bb7 {[%clk 00:46:30]} {[%emt 00:01:34]} 11. b5 {[%clk 00:51:10]}
{[%emt 00:01:24]} Re8 {[%clk 00:40:02]} {[%emt 00:06:38]} 12. a4 {[%clk
00:48:44]} {[%emt 00:02:36]} Qc7 {[%clk 00:38:21]} {[%emt 00:01:51]} 13. e4
{[%clk 00:48:36]} {[%emt 00:00:19]} Rbd8 {[%clk 00:19:59]} {[%emt 00:18:32]} 14.
Qc2 {[%clk 00:46:05]} {[%emt 00:02:41]} Nf8 {[%clk 00:18:50]} {[%emt 00:01:20]}
15. Rfe1 {[%clk 00:40:37]} {[%emt 00:05:37]} e5 {[%clk 00:18:27]} {[%emt
00:00:33]} 16. Qa2 {[%clk 00:39:59]} {[%emt 00:00:49]} Ne6 {[%clk 00:18:10]}
{[%emt 00:00:28]} 17. a5 {[%clk 00:36:46]} {[%emt 00:03:23]} Ra8 {[%clk
00:17:26]} {[%emt 00:00:53]} 18. Rb2 {[%clk 00:31:47]} {[%emt 00:05:08]} Reb8
{[%clk 00:13:09]} {[%emt 00:04:28]} 19. Ra1 {[%clk 00:29:27]} {[%emt 00:02:29]}
Qd8 {[%clk 00:12:31]} {[%emt 00:00:48]} 20. Qb1 {[%clk 00:29:07]} {[%emt
00:00:27]} Bc8 {[%clk 00:11:37]} {[%emt 00:01:07]} 21. Rba2 {[%clk 00:28:43]}
{[%emt 00:00:34]} Bb7 {[%clk 00:10:44]} {[%emt 00:01:03]} 22. Qc1 {[%clk
00:27:35]} {[%emt 00:01:17]} Qe8 {[%clk 00:07:58]} {[%emt 00:02:55]} 23. Bh3
{[%clk 00:26:05]} {[%emt 00:01:41]} Qf8 {[%clk 00:05:26]} {[%emt 00:02:43]} 24.
Qd1 {[%clk 00:19:24]} {[%emt 00:06:50]} h6 {[%clk 00:03:41]} {[%emt 00:01:56]}
25. Na4 {[%clk 00:17:23]} {[%emt 00:02:11]} Qd8 {[%clk 00:03:03]} {[%emt
00:00:47]} 26. Qe1 {[%clk 00:16:07]} {[%emt 00:01:26]} g5 {[%clk 00:02:55]}
{[%emt 00:00:19]} 27. Bg2 {[%clk 00:14:21]} {[%emt 00:01:56]} g4 {[%clk
00:02:18]} {[%emt 00:00:47]} 28. Nh4 {[%clk 00:14:13]} {[%emt 00:00:17]} Nd4
{[%clk 00:02:17]} {[%emt 00:00:12]} 29. Qd1 {[%clk 00:13:36]} {[%emt 00:00:46]}
Qc7 {[%clk 00:01:50]} {[%emt 00:00:29]} 30. f3 {[%clk 00:12:55]} {[%emt
00:00:59]} h5 {[%clk 00:01:12]} {[%emt 00:00:49]} 31. Nc3 {[%clk 00:12:00]}
{[%emt 00:01:05]} Qd8 {[%clk 00:01:02]} {[%emt 00:00:19]} 32. Ne2 {[%clk
00:10:46]} {[%emt 00:01:20]} Nxe2+ {[%clk 00:00:44]} {[%emt 00:00:34]} 33. Qxe2
{[%clk 00:10:49]} {[%emt 00:00:06]} Qd7 {[%clk 00:00:39]} {[%emt 00:00:15]} 34.
Nf5 {[%clk 00:10:31]} {[%emt 00:00:28]} Kh7 {[%clk 00:00:37]} {[%emt 00:00:13]}
35. Qe3 {[%clk 00:09:56]} {[%emt 00:00:44]} Rh8 {[%clk 00:00:40]} {[%emt
00:00:07]} 36. Nxg7 Kxg7 {[%clk 00:00:33]} 37. Qg5+ {[%clk 00:08:47]} {[%emt
00:00:02]} Kf8 {[%clk 00:00:39]} {[%emt 00:00:04]} 38. Qxf6 {[%clk 00:08:47]}
{[%emt 00:00:11]} Rg8 {[%emt 00:00:08]} 39. axb6 {[%clk 00:08:03]} {[%emt
00:00:53]} Ke8 {[%clk 00:00:26]} {[%emt 00:00:27]} 40. Rxa7 {[%clk 00:06:49]}
{[%emt 00:01:23]} Rb8 {[%clk 00:00:30]} {[%emt 00:00:07]} 41. f4 {[%clk
00:06:04]} {[%emt 00:00:55]} Kf8 {[%clk 00:00:15]} {[%emt 00:00:26]} 42. fxe5
{[%clk 00:04:53]} {[%emt 00:01:21]} Rg6 {[%clk 00:00:14]} {[%emt 00:00:11]} 43.
Qf5 {[%clk 00:03:50]} {[%emt 00:01:13]} Qxf5 {[%clk 00:00:13]} {[%emt
00:00:10]} 44. exf5 {[%clk 00:03:58]} {[%emt 00:00:02]} Rg8 {[%clk 00:00:22]}
{[%emt 00:00:01]} 45. Rxb7 {[%clk 00:03:55]} {[%emt 00:00:13]} Rxb7 {[%clk
00:00:27]} {[%emt 00:00:04]} 46. Bxb7 {[%clk 00:03:06]} {[%emt 00:00:59]} Ke7
{[%clk 00:00:23]} {[%emt 00:00:14]} 47. exd6+ {[%clk 00:02:44]} {[%emt
00:00:32]} Kxd6 {[%clk 00:00:31]} {[%emt 00:00:01]} 48. Bf4+ {[%clk 00:02:52]}
{[%emt 00:00:02]} Ke7 {[%clk 00:00:36]} {[%emt 00:00:04]} 49. Be4 {[%clk
00:02:39]} {[%emt 00:00:25]} Rc8 {[%clk 00:00:29]} {[%emt 00:00:16]} 50. Ra7+
{[%clk 00:02:45]} {[%emt 00:00:04]} Kf8 {[%clk 00:00:30]} {[%emt 00:00:07]} 51.
b7 {[%clk 00:02:27]} {[%emt 00:00:30]} Rd8 {[%clk 00:00:34]} {[%emt 00:00:04]}
52. Ra8 {[%clk 00:02:21]} {[%emt 00:00:18]} Rxa8 {[%clk 00:00:35]} {[%emt
00:00:09]} 53. bxa8=Q+ {[%clk 00:02:19]} {[%emt 00:00:11]} Kg7 {[%clk
00:00:42]} {[%emt 00:00:02]} 54. Be5+ {[%clk 00:02:12]} {[%emt 00:00:19]} Kh7
{[%clk 00:00:47]} {[%emt 00:00:05]} 55. Qh8# {[%clk 00:02:10]} {[%emt
00:00:11]} 1-0

[Event "PK Jeugd 2020 B"]
[Site "Eindhoven, Netherlands"]
[Date "????.??.??"]
[Round "5.4"]
[White "van Kuijk, Vadim"]
[Black "Labruyere, Roger"]
[Result "0-1"]
[WhiteElo "1697"]
[BlackElo "2069"]

1. d4 {[%clk 00:54:42]} {[%emt 00:00:38]} Nf6 {[%clk 00:55:15]} {[%emt
00:00:05]} 2. c4 {[%clk 00:54:48]} {[%emt 00:00:05]} c5 {[%clk 00:55:22]}
{[%emt 00:00:02]} 3. Nf3 {[%clk 00:54:53]} {[%emt 00:00:05]} cxd4 {[%clk
00:55:16]} {[%emt 00:00:16]} 4. Nxd4 {[%clk 00:54:57]} {[%emt 00:00:06]} e5
{[%clk 00:55:21]} {[%emt 00:00:05]} 5. Nf3 {[%clk 00:54:55]} {[%emt 00:00:12]}
Nc6 {[%clk 00:54:54]} {[%emt 00:00:37]} 6. Nc3 {[%clk 00:53:16]} {[%emt
00:01:48]} Bb4 {[%clk 00:54:56]} {[%emt 00:00:08]} 7. e3 {[%clk 00:47:23]}
{[%emt 00:06:03]} d5 {[%clk 00:44:39]} {[%emt 00:10:28]} 8. Bd2 {[%clk
00:42:41]} {[%emt 00:04:53]} d4 {[%clk 00:39:28]} {[%emt 00:05:21]} 9. exd4
{[%clk 00:40:32]} {[%emt 00:02:19]} exd4 {[%clk 00:38:20]} {[%emt 00:01:17]} 10.
Nd5 {[%clk 00:29:55]} {[%emt 00:10:47]} Nxd5 {[%clk 00:38:09]} {[%emt
00:00:22]} 11. cxd5 {[%clk 00:29:53]} {[%emt 00:00:11]} Bxd2+ {[%clk 00:38:08]}
{[%emt 00:00:11]} 12. Qxd2 {[%clk 00:29:38]} {[%emt 00:00:25]} Qxd5 {[%clk
00:38:12]} {[%emt 00:00:06]} 13. Bd3 {[%clk 00:29:37]} {[%emt 00:00:12]} O-O
{[%clk 00:36:58]} {[%emt 00:01:24]} 14. O-O {[%clk 00:29:35]} {[%emt 00:00:11]}
Bg4 {[%clk 00:32:38]} {[%emt 00:04:30]} 15. Ng5 {[%clk 00:26:46]} {[%emt
00:02:59]} h6 {[%clk 00:24:46]} {[%emt 00:08:02]} 16. Ne4 {[%clk 00:18:12]}
{[%emt 00:08:45]} Ne5 {[%clk 00:21:26]} {[%emt 00:03:30]} 17. f3 {[%clk
00:16:28]} {[%emt 00:01:54]} Bd7 {[%clk 00:18:45]} {[%emt 00:02:50]} 18. Bc2
{[%clk 00:13:12]} {[%emt 00:03:26]} Bb5 {[%clk 00:12:28]} {[%emt 00:06:24]} 19.
Bb3 {[%clk 00:07:57]} {[%emt 00:05:28]} Bc4 {[%clk 00:11:41]} {[%emt 00:00:57]}
20. Rfd1 {[%clk 00:05:21]} {[%emt 00:02:46]} Bxb3 {[%clk 00:11:14]} {[%emt
00:00:37]} 21. axb3 {[%clk 00:05:30]} {[%emt 00:00:01]} Rfd8 {[%clk 00:10:07]}
{[%emt 00:01:17]} 22. Ra3 {[%clk 00:04:07]} {[%emt 00:01:33]} a6 {[%clk
00:09:31]} {[%emt 00:00:47]} 23. Qf4 {[%clk 00:03:32]} {[%emt 00:00:43]} b5
{[%clk 00:08:11]} {[%emt 00:01:32]} 24. Nc3 {[%clk 00:03:34]} {[%emt 00:00:09]}
Qe6 {[%clk 00:06:41]} {[%emt 00:01:39]} 25. Rxd4 {[%clk 00:02:12]} {[%emt
00:01:32]} Nd3 {[%clk 00:05:22]} {[%emt 00:01:29]} 26. Rxd8+ {[%emt 00:00:52]}
Rxd8 27. Qd2 {[%clk 00:01:12]} {[%emt 00:00:17]} b4 {[%clk 00:05:15]} {[%emt
00:00:18]} 28. Ra1 {[%clk 00:00:34]} {[%emt 00:00:48]} bxc3 {[%clk 00:05:17]}
{[%emt 00:00:07]} 29. bxc3 {[%clk 00:00:28]} {[%emt 00:00:16]} Qb6+ {[%clk
00:04:57]} {[%emt 00:00:29]} 30. Kf1 {[%clk 00:00:18]} {[%emt 00:00:20]} Qxb3
{[%clk 00:04:56]} {[%emt 00:00:12]} 31. Rd1 {[%clk 00:00:17]} {[%emt 00:00:12]}
Qc4 {[%clk 00:04:46]} {[%emt 00:00:19]} 32. Kg1 {[%clk 00:00:15]} {[%emt
00:00:12]} a5 {[%clk 00:04:28]} {[%emt 00:00:28]} 33. Qc2 {[%clk 00:00:14]}
{[%emt 00:00:11]} a4 {[%clk 00:04:22]} {[%emt 00:00:17]} 34. Kf1 {[%clk
00:00:13]} {[%emt 00:00:10]} Nb4+ {[%clk 00:04:08]} {[%emt 00:00:24]} 35. Qe2
{[%clk 00:00:21]} {[%emt 00:00:02]} Rxd1+ {[%clk 00:04:11]} {[%emt 00:00:06]}
0-1